| 000 | 00528cam a2200205ua 4500 | ||
|---|---|---|---|
| 001 | 9765 | ||
| 005 | 20260515114523.0 | ||
| 008 | 160824n ii |||gr||||Z||||||asm | ||
| 040 | _cMAIN | ||
| 041 | _aasm | ||
| 082 | _a615.321 | ||
| 100 |
_aKhanikar, Gunaram, _eAuthor. |
||
| 245 |
_aMatri aru shishur rug niramayat bondorob _cBy Gunaram Khanikar |
||
| 250 | _a3rd ed. | ||
| 260 |
_aGuwahati: _bChandra prakash, _c2008. |
||
| 300 | _a40p. | ||
| 653 | _aPharmacology & therapeutics | ||
| 653 | _aHerbal medicine | ||
| 942 | _cBK | ||
| 999 |
_c8768 _d8768 |
||